Giáo trình công tác xã hội nhóm

Nội dung gồm một số vấn đề chung về công tác xã hội nhóm; nền tảng lý thuyết trong công tác xã hội

Wedi'i Gadw mewn:
Manylion Llyfryddiaeth
Prif Awdur: Nguyễn, Thị Thái Lan
Fformat: Llyfr
Iaith:Undetermined
Cyhoeddwyd: Hà Nội Trường Đại học lao động xã hội 2008
Pynciau:
Tagiau: Ychwanegu Tag
Dim Tagiau, Byddwch y cyntaf i dagio'r cofnod hwn!
Thư viện lưu trữ: Trung tâm Học liệu Trường Đại học Cần Thơ
LEADER 00952nam a2200229Ia 4500
001 CTU_237455
008 210402s9999 xx 000 0 und d
082 |a 361.3 
082 |b L105 
100 |a Nguyễn, Thị Thái Lan 
245 0 |a Giáo trình công tác xã hội nhóm 
245 0 |c Nguyễn Thị Thái Lan, Nguyễn Thị Thanh Hương, Bùi Thị Xuân Mai 
260 |a Hà Nội 
260 |b Trường Đại học lao động xã hội 
260 |c 2008 
520 |a Nội dung gồm một số vấn đề chung về công tác xã hội nhóm; nền tảng lý thuyết trong công tác xã hội 
526 |a Công tác xã hội,Thực hành công tác xã hội 
526 |b XN113,XN225 
650 |a Social service,Dịch vụ xã hội 
904 |i Năm 
910 |a Tuyến 
980 |a Trung tâm Học liệu Trường Đại học Cần Thơ